| 000 | 00573naa a2200193 4500 | ||
|---|---|---|---|
| 005 | 20250811160121.0 | ||
| 010 | _aENG-146449 | ||
| 020 |
_c299.00 _a9789355644602 |
||
| 035 | _aEN-129981 | ||
| 037 | _bDBAD | ||
| 082 |
_a220.21 _21 |
||
| 100 |
_aAgarwal, D.K. _984060 |
||
| 245 |
_aVedas & Upanishads For Children/ _cby D.K. Agarwal |
||
| 250 | _a1 | ||
| 260 |
_aNew Delhi _bDisha Publications _c2025 |
||
| 270 |
_aB-32, Shivalik Main Road, Malviya Nagar, _bNew Delhi _e110017 |
||
| 300 |
_a210p. _c21cm (pb) |
||
| 942 |
_adpl _cEN _2ddc _h220.21 _mAGA |
||
| 999 |
_c212999 _d212999 |
||